| 000 | 00674nam a2200217Ia 4500 | ||
|---|---|---|---|
| 001 | 6683 | ||
| 003 | AR-BaAGN | ||
| 005 | 20231116145015.0 | ||
| 007 | ta | ||
| 008 | 211213s1934 ag |||||||||||||| ||spa d | ||
| 040 |
_dAR-BaAGN _aAR-BaAGN _bspa _eaacr |
||
| 100 | _aAlbizzati, Carlos M. | ||
| 245 | 1 | 0 |
_aEstudio químico sobre la semilla de girasol : _bhelianthus annuus l. _cCarlos M. Albizzati |
| 260 |
_aBuenos Aires : _bMinisterio de Agricultura, _c1934. |
||
| 300 |
_a15 páginas : _bilustraciones |
||
| 336 |
_2rdacontent _btxt |
||
| 337 |
_2rdamedia _bn |
||
| 338 |
_2rdacarrier _bnc |
||
| 500 | _aPublicación del Ministerio de Agricultura de la Nación | ||
| 942 | _cLIBRO | ||
| 999 |
_c6683 _d6683 |
||